LDR 01142naa#a2200193#i#450# 001 RU\\bibl\126617 005 20260630070842.2 011 ## _a2587-6740 100 ## _a20260615b2026####ek#y0rusy0150####ca 102 ## _aRU 200 1# _aОпыт и перспективы использования цифровых технологий в землеустроительном проектировании _eЖурнальная статья 210 1# _aМосква _cЭлектронная наука _d2026 215 ## _a6 с. 608 ## _aЖурнальная статья _2local 675 ## _aРынок земли, недвижимости (предложение, спрос). 332.72 _aОбъединения и формы организаций предприятий в рамках экономического самоуправления. 334.78 _aПрофессии в целом. Проблема профессий. 331.54 _z 700 #1 _aСорокина _gОльга Анатольевна 700 #1 _aАнтропов _gДмитрий Владимирович 700 #1 _aПоловникова _gЭллина Эдгаровна 856 4# _amshj.ru _u